000 00620nam a2200241Ia 4500
003 OSt
005 20221005021809.0
006 a|||||r|||| 00| 0
007 ta
008 221004b |||||||| |||| 00| 0 eng d
024 _a29365
037 _cTextual
040 _aCRL
_cCRL
_beng
041 _2eng
_aeng
082 _aV2.N9, N1
100 _aFadia B L
245 0 _aIndian government and politics
260 _aAgra
_bSahitya Bhawan Publications India
300 _av,997p.
_ccm.
650 _aPOLITICAL SCIENCE
942 _hV2.N9, N1
_cTEXL
_2cc
999 _c928160
_d928160